| 000 | 00361nam a22001457a 4500 | ||
|---|---|---|---|
| 020 | _a9790321043466 | ||
| 040 | _cNust | ||
| 082 |
_a621.433 _bCOH'O |
||
| 100 |
_aH. Cohen _9126289 |
||
| 245 | _aGas Turbine theory | ||
| 250 | _a4th edition | ||
| 260 |
_aEngland: _bAddison Wesley Longman, _c1998. |
||
| 650 |
_aGas Turbine theory _961700 |
||
| 942 |
_2ddc _cBK |
||
| 999 |
_c611995 _d611995 |
||